000 00595nam a2200181Ia 4500
008 100920s9999 xx 000 0 und d
082 _b40382
_a28 व 51 थ 51
100 _aतळवलकर गोपीनाथ.
245 _aबुध्ददेव.
260 _bचित्रशाळा प्रकाशन,पुणे2.
_c1951
300 _a58
_bसाधी
365 _b0
520 _aबा. वि चरित्र.
630 _aबुध्ददेव.
650 _aबा. वि चरित्र.
730 _aबुध्ददेव.
942 _cBOOK
999 _c691460
_d691457